| 000 | 00661nam a2200241 a 4500 | ||
|---|---|---|---|
| 001 | nice12345678 | ||
| 003 | IN_TiNIC | ||
| 005 | 20260116013255.0 | ||
| 008 | 050524s1995 dela grp 000 0 urd | ||
| 020 |
_a8171604 _c80 |
||
| 082 | 0 | 0 |
_a181.07 _bALA1 |
| 100 | _aAlam, Mohammad Manzoor | ||
| 245 | _aKalam-E-Iqbal Mein Qurani Aayat Va Ahadees Aur Mazhabi Istelahat Ka Jaiza | ||
| 260 |
_aDelhi _bAnjuman Taraqqi-E-Urdu _c1995 |
||
| 300 | _a183p | ||
| 500 | _aincludes index and biblioraphy | ||
| 505 | 2 | _aIndex | |
| 650 | _aPhilosophy-Islamic-Iqbal | ||
| 700 | 1 | _aAlam, Mohammad Manzoor | |
| 902 | _bSRS | ||
| 942 | _cBK | ||
| 999 |
_c10356 _d10356 |
||